000 00638nam a22001937a 4500
005 20251108173359.0
008 250721s2005 xx 000 0 ara d
082 1 4 _a214.61/ جوز
100 1 _aابن الجوزي، ابوالفرج عبد الرحمن بن على...البغدادي
245 1 0 _aتلبيس إبليس /
250 _aط2
264 1 _aعمان :
_bدار الإسراء للنشر والتوزيع،
_c2005.
300 _a334 ص
650 1 7 _aالايمان
650 1 7 _aالشيطان
710 2 _aقسم الترجمة والتحقيق في دار الاسراء
942 _2ddc
_cBK
999 _c102532
_d102532